<?xml version="1.0" encoding="UTF-8"?>
<record
    xmlns:xsi="http://www.w3.org/2001/XMLSchema-instance"
    xsi:schemaLocation="http://www.loc.gov/MARC21/slim http://www.loc.gov/standards/marcxml/schema/MARC21slim.xsd"
    xmlns="http://www.loc.gov/MARC21/slim">

  <leader>006390000a22001210004500</leader>
  <controlfield tag="001">14085</controlfield>
  <datafield tag="041" ind1="0" ind2=" ">
    <subfield code="a">SPA</subfield>
  </datafield>
  <datafield tag="082" ind1="0" ind2="4">
    <subfield code="a">AV 0215</subfield>
  </datafield>
  <datafield tag="245" ind1="1" ind2="0">
    <subfield code="a">P&#xE1;gina abierta : Revista evang&#xE9;lica de informaci&#xF3;n literaria / David Muniesa, Director</subfield>
  </datafield>
  <datafield tag="300" ind1=" " ind2=" ">
    <subfield code="a">29 P&#xE1;g.</subfield>
  </datafield>
  <datafield tag="505" ind1="0" ind2="0">
    <subfield code="a">- El idioma espa&#xF1;ol cumple mil a&#xF1;os.  Santamar&#xED;a, Dar&#xED;o A.  - La biblioteca del pastor.  Vila, Samuel - El libro y su mundo : Instrumento poderoso del Esp&#xED;ritu Santo.  Ecklebarger, David - O la par&#xE1;bola de la vieja encina. Vila, Samuel - La Escritura y su evoluci&#xF3;n a trav&#xE9;s de los tiempos. Vila, Eliseo  En torno al libro.  Santamar&#xED;a, Dar&#xED;o A.</subfield>
  </datafield>
  <datafield tag="942" ind1=" " ind2=" ">
    <subfield code="c">BK</subfield>
  </datafield>
  <datafield tag="952" ind1=" " ind2=" ">
    <subfield code="0">0</subfield>
    <subfield code="1">0</subfield>
    <subfield code="4">0</subfield>
    <subfield code="7">0</subfield>
    <subfield code="8">AV</subfield>
    <subfield code="a">FUSBC</subfield>
    <subfield code="b">FUSBC</subfield>
    <subfield code="d">2006-10-26</subfield>
    <subfield code="l">0</subfield>
    <subfield code="o">AV 0215 </subfield>
    <subfield code="p">23312</subfield>
    <subfield code="r">2019-12-12 00:00:00</subfield>
    <subfield code="t">1</subfield>
    <subfield code="w">2016-01-26</subfield>
    <subfield code="y">AV</subfield>
    <subfield code="B">0</subfield>
    <subfield code="C">3</subfield>
  </datafield>
  <datafield tag="999" ind1=" " ind2=" ">
    <subfield code="c">42998</subfield>
    <subfield code="d">42998</subfield>
  </datafield>
</record>
